[Event "Tourn. n7873"]
[Site "www.chess-mail.com"]
[Date "2015.01.13"]
[Round "1"]
[White "Bobjones"]
[Black "Hundegana"]
[WhiteElo "2240"]
[BlackElo "2010"]
[Result "1-0"]
[Round "1"]
1.d4 b5
2.Ng1f3 c6
3.e4 d6
4.Bf1d3 a5
5.c4 b4
6.b3 g6
7.O-O Bf8g7
8.Bc1f4 Bg7h6
9.Qd1d2 Bh6xf4
10.Qd2xf4 h6
11.e5 g5
12.Qf4e3 d5
13.h3 e6
14.Nb1d2 Nb8d7
15.Rf1e1 Bc8a6
16.c5 Ba6xd3
17.Qe3xd3 Qd8e7
18.Nd2f1 h5
19.Nf1h2 Ng8h6
20.Re1e3 Nh6f5
21.Re3e2 g4
22.hxg4 hxg4
23.Nh2xg4 Kd8
24.g3 Rh8h7
25.Kg2 Qe7f8
26.Nf3g5 Rh7g7
27.f4 Kc7
28.a3 bxa3
29.Ra1xa3 Qf8g8
30.Re2a2 Qg8c8
31.Ra3xa5 Ra8xa5
32.Ra2xa5 Kd8
33.b4 Ke7
34.Ra5a7 Qc8b8
35.Qd3a3 Nf5xd4
36.Ng4f6 Nd4b5
37.Ra7xd7 Kf8
38.Qa3d3 Qb8a8
39.Ng5h7 Rg7xh7
40.Qd3xh7 Qa8a2
41.Kh3 Nb5d4
42.Qh7xf7 
1-0

[Event "Tourn. n7962"]
[Site "www.chess-mail.com"]
[Date "2015.01.13"]
[Round "1"]
[White "Asibicho"]
[Black "Falcoale"]
[WhiteElo "1900"]
[BlackElo "1870"]
[Result "0-1"]
[Round "1"]
1.e4 c5
2.Ng1f3 Nb8c6
3.d4 cxd4
4.Nf3xd4 a6
5.Nb1c3 Ng8f6
6.Bc1e3 e5
7.Nd4b3 Bf8b4
8.f3 O-O
9.a3 Bb4xc3
10.bxc3 b5
11.Bf1e2 Bc8b7
12.Nb3c5 Ra8b8
13.Be3g5 Bb7c8
14.O-O d6
15.Nc5b3 h6
16.Bg5h4 g5
17.Bh4g3 Nf6d7
18.Qd1xd6 Bc8b7
19.Qd6xh6 Nc6e7
20.Qh6xg5 Ne7g6
21.Rf1d1 Qd8xg5
{ resign }
0-1

[Event "Tourn. n7974"]
[Site "www.chess-mail.com"]
[Date "2015.01.13"]
[Round "1"]
[White "Luban"]
[Black "Faerieking"]
[WhiteElo "2180"]
[BlackElo "2140"]
[Result "0-1"]
[Round "1"]
1.d4 Ng8f6
2.c4 e6
3.Ng1f3 Bf8b4
4.Bc1d2 Bb4xd2
5.Nb1xd2 c5
6.e3 Nb8c6
7.Nd2b3 cxd4
8.Nb3xd4 Nc6xd4
9.exd4 d5
10.Bf1e2 b6
11.O-O O-O
12.b3 Bc8b7
13.Ra1c1 dxc4
14.Be2xc4 Qd8d6
15.Nf3e5 Rf8d8
16.Qd1e2 Ra8c8
17.Rf1e1 Rc8c7
18.f3 Qd6xd4
19.Kh1 Qd4d6
20.Rc1d1 Qd6e7
21.Rd1xd8 Qe7xd8
22.Ne5xf7 Rc7xf7
23.Bc4xe6 Kf8
24.Be6xf7 Kxf7
25.Qe2e6 Kf8
26.h3 Qd8d7
27.Qe6e2 h5
28.Qe2e5 Kf7
29.Re1c1 Kg6
30.Rc1c7 Qd7d1
31.Kh2 Bb7xf3
32.Qe5g3 Bf3g4
33.Rc7c6 Kh7
34.Rc6xf6 gxf6
35.hxg4 Qd1xg4
36.Qg3d3 Kh6
37.g3 h4
38.Qd3e3 Qg4g5
39.Qe3xg5 Kxg5
40.gxh4 Kxh4
41.Kg2 Kg4
42.Kf2 Kf4
43.Ke2 Ke4
44.Kd2 f5
{ resign }
0-1

[Event "Tourn. n7923"]
[Site "www.chess-mail.com"]
[Date "2015.01.13"]
[Round "1"]
[White "Neo"]
[Black "Hugol"]
[WhiteElo "1760"]
[BlackElo "1870"]
[Result "1-0"]
[Round "1"]
1.d4 Ng8f6
2.Nb1c3 d5
3.Bc1f4 e6
4.Ng1f3 c5
5.e3 Nb8c6
6.Bf1b5 Bc8d7
7.Nf3e5 Nc6xe5
8.Bf4xe5 a6
9.Be5xf6 Qd8xf6
10.Bb5xd7 Kxd7
11.dxc5 Bf8xc5
12.O-O Bc5b4
13.Qd1d3 Bb4xc3
14.bxc3 Ra8c8
15.Ra1b1 b5
16.Rb1b3 h6
17.h3 Ke7
18.a4 bxa4
19.Rb3b7 Kd8
20.Qd3xa6 Qf6xc3
21.Qa6d6  { time }
1-0

[Event "Tourn. n7829"]
[Site "www.chess-mail.com"]
[Date "2015.01.13"]
[Round "1"]
[White "Muller42"]
[Black "Caspito"]
[WhiteElo "1649"]
[BlackElo "1830"]
[Result "0-1"]
[Round "1"]
1.e4 e5
2.Ng1f3 Nb8c6
3.Bf1b5 Nc6d4
4.Nf3xd4 exd4
5.Bb5c4 Qd8f6
6.d3 Ng8h6
7.O-O Bf8c5
8.Nb1d2 d6
9.h3 Bc8e6
10.Bc4xe6 fxe6
11.Qd1h5 Nh6f7
12.a4 O-O-O
13.Nd2b3 g6
14.Qh5g4 h5
15.Qg4e2 g5
16.Nb3xc5 dxc5
17.c3 Nf7e5
18.cxd4 cxd4
19.f4 gxf4
20.Bc1xf4 Qf6g7
21.Ra1c1 Rh8g8
22.b4 Rd8d7
23.b5 Ne5xd3
24.Bf4d2 Nd3xc1
25.Rf1xc1 e5
26.a5 Qg7g3
27.Kh1 Qg3b3
28.b6 axb6
29.axb6 Qb3xb6
30.Rc1a1 Rd7g7
31.Qe2xh5 Qb6g6
32.Qh5xg6 Rg7xg6
{ resign }
0-1

[Event "Tourn. n7953"]
[Site "www.chess-mail.com"]
[Date "2015.01.13"]
[Round "1"]
[White "Faerieking"]
[Black "Difficult"]
[WhiteElo "1789"]
[BlackElo "1880"]
[Result "1-0"]
[Round "1"]
1.e4 e6
2.d4 d5
3.Nb1c3 dxe4
4.Nc3xe4 Nb8d7
5.Ng1f3 Ng8f6
6.Ne4xf6 Nd7xf6
7.Bc1f4 Bf8d6
8.Nf3e5 O-O
9.Bf1d3 c5
10.dxc5 Bd6xc5
11.O-O Qd8b6
12.Ra1b1 Rf8d8
13.Ne5c4 Qb6c6
14.Bd3xh7 Kxh7
15.Qd1xd8 { resign }
1-0

[Event "Tourn. n7978"]
[Site "www.chess-mail.com"]
[Date "2015.01.13"]
[Round "1"]
[White "Difficult"]
[Black "Georgepapi"]
[WhiteElo "1880"]
[BlackElo "1820"]
[Result "1-0"]
[Round "1"]
1.d4 Ng8f6
2.c4 e6
3.Nb1c3 Bf8b4
4.e3 Nf6e4
5.Bc1d2 Ne4xd2
6.Qd1xd2 O-O
7.Ng1f3 c5
8.Bf1e2 Nb8c6
9.a3 cxd4
10.exd4 Qd8f6
11.axb4 { resign }
1-0

[Event "Tourn. n8000"]
[Site "www.chess-mail.com"]
[Date "2015.01.13"]
[Round "1"]
[White "Krasin"]
[Black "Luban"]
[WhiteElo "2130"]
[BlackElo "2180"]
[Result "0-1"]
[Round "1"]
1.e4 c5
2.Ng1f3 d6
3.d4 cxd4
4.Nf3xd4 Ng8f6
5.Nb1c3 a6
6.Bc1e3 b5
7.Bf1d3 Bc8b7
8.a3 e6
9.O-O Bf8e7
10.f4 O-O
11.Qd1f3 Nb8c6
12.Qf3h3 g6
13.f5 Nc6xd4
14.Be3xd4 e5
15.Bd4e3 d5
16.Be3h6 Rf8e8
17.fxg6 hxg6
18.exd5 Bb7xd5
19.Ra1d1 Bd5e6
20.Bd3f5 Qd8b6
21.Bh6e3 Be7c5
22.Be3xc5 Qb6xc5
23.Kh1 Be6xf5
24.Rf1xf5 gxf5
25.Qh3xf5 Qc5c6
26.Rd1d3 Ra8d8
27.Rd3g3 Kf8
28.h3 Re8e6
29.Qf5g5 Ke7
30.Rg3f3 Rd8g8
31.Qg5h4 e4
32.Rf3xf6 Re6xf6
33.Nc3xe4 Rg8g6
34.c3 Qc6d5
{ resign }
0-1

[Event "Tourn. n7889"]
[Site "www.chess-mail.com"]
[Date "2015.01.13"]
[Round "1"]
[White "Sontuozio"]
[Black "Woodpusher2"]
[WhiteElo "2280"]
[BlackElo "2440"]
[Result "0-1"]
[Round "1"]
1.d4 Ng8f6
2.Ng1f3 c5
3.e3 e6
4.c3 Nb8c6
5.Bf1d3 b6
6.Nb1d2 Bc8b7
7.O-O Bf8e7
8.a3 d5
9.b4 O-O
10.Qd1e2 Qd8c7
11.Bc1b2 e5
12.e4 exd4
13.cxd4 dxe4
14.Nd2xe4 cxb4
15.Ne4xf6 Be7xf6
16.Qe2e4 g6
17.Ra1c1 Rf8e8
18.Qe4g4 bxa3
19.Bb2xa3 h5
20.Qg4h3 Bb7c8
21.Qh3g3 Qc7xg3
22.fxg3 Nc6xd4
23.Nf3xd4 Bf6xd4
24.Kh1 Re8e3
25.Rf1f3 Bc8e6
26.Rf3xe3 Bd4xe3
27.Rc1e1 Be3f2
28.Re1c1 Ra8c8
29.Bd3a6 Rc8xc1
30.Ba3xc1 Bf2c5
31.Bc1f4 Be6d7
32.Bf4b8 b5
33.h3 Kf8
34.Kh2 Ke7
35.Ba6b7 a5
36.Bb7d5 a4
37.Bb8e5 b4
38.Be5a1 a3
39.Bd5b3 Bd7e6
40.Bb3xe6 Kxe6
{ resign }
0-1

[Event "Tourn. n7967"]
[Site "www.chess-mail.com"]
[Date "2015.01.13"]
[Round "1"]
[White "Osopanda"]
[Black "Amaya"]
[WhiteElo "2020"]
[BlackElo "1890"]
[Result "1-0"]
[Round "1"]
1.c4 e5
2.Nb1c3 c5
3.Ng1f3 d6
4.e3 Nb8c6
5.d4 cxd4
6.exd4 exd4
7.Nf3xd4 Ng8e7
8.Bc1g5 f6
9.Bg5f4 Ne7g6
10.Bf4e3 Bf8e7
11.Bf1d3 Ng6e5
12.Bd3e2 O-O
13.O-O Bc8d7
14.Rf1e1 Bd7e8
15.Nd4f5 Be8g6
16.Nf5xe7 Nc6xe7
17.Nc3d5 Ne7xd5
18.cxd5 Ra8c8
19.Ra1c1 Qd8d7
20.Qd1b3 Bg6f7
21.Be2b5 Qd7f5
22.Bb5e2 b6
23.Be3d4 Ne5g4
24.Qb3g3 Ng4e5
25.Bd4xe5 fxe5
26.Be2d3 Qf5f6
27.Rc1xc8 Rf8xc8
28.Qg3h3 h6
29.Qh3xc8 Bf7e8
30.Qc8xe8 { resign }
1-0

[Event "Tourn. n7989"]
[Site "www.chess-mail.com"]
[Date "2015.01.13"]
[Round "1"]
[White "Fred"]
[Black "Bojan"]
[WhiteElo "1960"]
[BlackElo "2000"]
[Result "1/2-1/2"]
[Round "1"]
1.e4 e5
2.f4 exf4
3.Ng1f3 d5
4.e5 Nb8c6
5.Bf1b5 Bc8d7
6.Nb1c3 a6
7.Bb5a4 b5
8.Ba4b3 d4
9.Nc3e4 h6
10.d3 g5
11.h3 Bf8g7
12.Ne4f6 Ng8xf6
13.exf6 Bg7xf6
14.Bb3d5 Qd8e7
15.Kf2 O-O
16.Rh1e1 Qe7d6
17.Bd5e4 Bf6g7
18.Bc1d2 f5
19.Be4xc6 Qd6xc6
20.Ra1c1 Ra8e8
21.c3 dxc3
22.Bd2xc3 Re8xe1
23.Qd1xe1 Qc6d5
24.Bc3xg7 Kxg7
25.Rc1xc7 Kf6
26.Qe1c3 Ke6
27.Rc7c5 Qd5d6
28.Nf3d4 Kf7
29.Nd4xf5 Bd7xf5
30.Rc5xf5 Kg6
31.Rf5c5 Rf8f6
32.d4 Kf7
33.d5 Qd6b6
34.Kf1 Ke7
35.Qc3e5 Kf7
36.Rc5c7 Kg6
37.Qe5e8 Kf5
38.Rc7c6 Qb6d4
39.Qe8d7 Ke5
40.Rc6xf6 Kxf6
41.Qd7e6 Kg7
42.d6 Qd4d1
43.Kf2 Qd1d4
44.Ke1 Qd4g1
45.Kd2 Qg1xg2
46.Kd3 Qg2f3
47.Kd4 Qf3e3
48.Kd5 Qe3xe6
49.Kxe6 f3
50.d7 f2
51.d8Q f1Q
52.Qd8e7 Kg6
53.Qe7e8 Kg7
54.Qe8e7 { draw }
1/2-1/2

[Event "Tourn. n7916"]
[Site "www.chess-mail.com"]
[Date "2015.01.13"]
[Round "1"]
[White "Jjmcbride"]
[Black "Neo"]
[WhiteElo "1760"]
[BlackElo "1790"]
[Result "0-1"]
[Round "1"]
1.d4 d5
2.Ng1f3 e6
3.Nb1d2 g6
4.e4 dxe4
5.Nd2xe4 Bf8g7
6.c3 c6
7.b4 Qd8c7
8.g3 Ng8f6
9.Ne4xf6 Bg7xf6
10.Bc1h6 Bf6e7
11.Bh6g7 Rh8g8
12.Bg7e5 Qc7b6
13.Be5xb8 Ra8xb8
14.Bf1d3 Kf8
15.Qd1d2 Kg7
16.O-O Rg8d8
17.Rf1e1 Kg8
18.h4 Rd8d5
19.Re1e5 Rd5xe5
20.Nf3xe5 Be7f8
21.h5 Bf8g7
22.hxg6 hxg6
23.Kg2 a5
24.a3 axb4
25.axb4 Bg7xe5
26.dxe5 Qb6c7
27.Qd2g5 b5
28.Qg5f6 Bc8b7
29.Ra1h1 c5
30.f3 Bb7xf3
31.Qf6xf3 Qc7xe5
32.Qf3g4 Qe5d5
33.Bd3e4 Qd5d2
34.Kg1 Kg7
35.Qg4f3 cxb4
36.cxb4 Qd2xb4
37.g4 Qb4d4
38.Kg2 Qd4e5
39.Rh1e1 Rb8d8
40.Re1e2 Qe5d4
41.Re2f2 Rd8f8
42.Be4xg6 Kxg6
43.Qf3h3 Qd4d5
44.Rf2f3 f5
45.Qh3h5 Kg7
46.g5 Rf8h8
47.Qh5xh8 Kxh8
48.Kg3 Qd5e5
{ resign }
0-1

[Event "Tourn. n7962"]
[Site "www.chess-mail.com"]
[Date "2015.01.13"]
[Round "1"]
[White "Generalfree"]
[Black "Asibicho"]
[WhiteElo "1810"]
[BlackElo "1900"]
[Result "1-0"]
[Round "1"]
1.e4 e5
2.Ng1f3 Nb8c6
3.Bf1b5 a6
4.Bb5xc6 dxc6
5.Nf3xe5 Qd8d4
6.Ne5g4 Qd4xe4
7.Ng4e3 Bf8c5
8.d3 Qe4g6
9.O-O Ng8f6
10.d4 Bc5b6
11.f3 O-O
12.c3 Bc8e6
13.b3 c5
14.d5 Ra8d8
15.c4 c6
16.Nb1c3 cxd5
17.Nc3xd5 Nf6xd5
18.Ne3xd5 Qg6h5
19.g4 Qh5g6
20.Nd5e7 { resign }
1-0

[Event "Tourn. n7828"]
[Site "www.chess-mail.com"]
[Date "2015.01.13"]
[Round "1"]
[White "Ff333"]
[Black "Gmi42"]
[WhiteElo "2000"]
[BlackElo "2059"]
[Result "1-0"]
[Round "1"]
1.e4 c5
2.g3 g6
3.Bf1g2 Bf8g7
4.Ng1f3 Nb8c6
5.O-O Ng8f6
6.d3 d5
7.exd5 Nf6xd5
8.c4 Nd5b4
9.Nf3e1 Nc6d4
10.a3 Nb4c6
11.Nb1c3 O-O
12.Bc1e3  { time }
1-0

[Event "Match"]
[Site "www.echecsemail.com"]
[Date "2015.01.13"]
[Round "1"]
[White "Ostapbender"]
[Black "Apdash"]
[WhiteElo "2620"]
[BlackElo "2150"]
[Result "1-0"]
[Round "1"]
1.d4 d5
2.c4 e6
3.Ng1f3 Ng8f6
4.g3 dxc4
5.Bf1g2 c6
6.O-O Qd8c7
7.a4 Bf8b4
8.Nb1a3 Bb4xa3
9.Ra1xa3 Nf6d5
10.Nf3e5 b5
11.e4 Nd5b4
12.Bc1d2 c5
13.Bd2f4 Qc7e7
14.axb5 O-O
15.Ne5xc4 cxd4
16.Bf4d6 Qe7d7
17.Bd6xb4 Rf8d8
18.Nc4d6 e5
19.f4 exf4
20.e5 a5
21.Bg2xa8 axb4
22.Ra3d3 fxg3
23.Rd3xg3 { resign }
1-0

[Event "Match"]
[Site "www.echecsemail.com"]
[Date "2015.01.13"]
[Round "1"]
[White "Kantimousse"]
[Black "Delacey"]
[WhiteElo "1640"]
[BlackElo "1639"]
[Result "0-1"]
[Round "1"]
1.e4 c5
2.Bf1c4 a6
3.a4 Nb8c6
4.d3 e6
5.Ng1f3 Bf8e7
6.d4 d5
7.exd5 exd5
8.Bc4e2 Ng8f6
9.c3 Nf6e4
10.Nb1d2 f5
11.Nf3e5 O-O
12.Ne5xc6 bxc6
13.Nd2f3 f4
14.Nf3e5 Ne4xf2
15.Kxf2 Be7h4
16.g3 fxg3
17.Kg1 g2
18.Kxg2 Rf8f2
19.Kg1 Bc8h3
20.Qd1d3 Rf2g2
21.Kf1 Rg2g3
{ resign }
0-1

[Event "Match"]
[Site "www.echecsemail.com"]
[Date "2015.01.13"]
[Round "1"]
[White "Muller42"]
[Black "Orkman"]
[WhiteElo "1809"]
[BlackElo "2160"]
[Result "1-0"]
[Round "1"]
1.e4 c5
2.Nb1c3 Nb8c6
3.g3 g6
4.Bf1g2 Bf8g7
5.d3 d6
6.f4 e6
7.Ng1f3 Ng8e7
8.O-O O-O
9.Bc1e3 b6
10.Qd1d2 d5
11.exd5 exd5
12.d4 Ne7f5
13.Nc3xd5 Qd8xd5
14.Nf3e5 Qd5e6
15.Bg2xc6 Ra8b8
16.d5 Qe6e7
17.Be3f2 Bg7xe5
18.fxe5 Qe7xe5
19.c3 Bc8b7
20.Rf1e1 Qe5c7
21.g4 Bb7xc6
22.dxc6 Rb8d8
23.Qd2g5 f6
24.Qg5c1 Nf5g7
25.Qc1h6 Qc7xc6
26.Re1e7 Rd8d7
27.Qh6xg7 
1-0

[Event "Match"]
[Site "www.echecsemail.com"]
[Date "2015.01.13"]
[Round "1"]
[White "Hundegana"]
[Black "Gmi42"]
[WhiteElo "1930"]
[BlackElo "1809"]
[Result "1-0"]
[Round "1"]
1.e4 c6
2.d4 d5
3.e5 Bc8f5
4.Nb1c3 e6
5.a3 Nb8d7
6.Bf1d3 Bf5xd3
7.Qd1xd3 c5
8.Ng1f3 cxd4
9.Qd3xd4 a6
10.O-O Ng8e7
11.h3 Ne7g6
12.b4 Ra8c8
13.Bc1d2 Qd8b6
14.Qd4xb6 Nd7xb6
15.Ra1c1 Nb6c4
16.Nc3b1 Ng6xe5
17.Nf3xe5 Nc4xe5
18.Rf1e1 Ne5c4
19.Bd2f4 Bf8e7
20.g4 h5
21.g5 h4
22.c3 Rh8h5
23.Kh2 Be7xg5
24.Bf4xg5  { time }
1-0

[Event "Match"]
[Site "www.echecsemail.com"]
[Date "2015.01.13"]
[Round "1"]
[White "Supernovae"]
[Black "Saidgermany"]
[WhiteElo "1769"]
[BlackElo "1809"]
[Result "1-0"]
[Round "1"]
1.e4 c5
2.Ng1f3 d6
3.d4 cxd4
4.Nf3xd4 Ng8f6
5.Nb1c3 a6
6.Bf1e2 e6
7.O-O Bf8e7
8.f4 O-O
9.e5 dxe5
10.fxe5 Nf6d5
11.Be2h5 Nb8c6
12.Nd4xc6 bxc6
13.Qd1f3 f5
14.Qf3g3 f4
15.Bc1xf4 Qd8b6
16.Kh1 Rf8xf4
17.Rf1xf4 Qb6xb2
18.Ra1f1 Qb2xc3
19.Qg3xc3 Nd5xc3
20.Rf4f7 Be7c5
{ time. }
1-0

[Event "Match"]
[Site "www.echecsemail.com"]
[Date "2015.01.13"]
[Round "1"]
[White "Wwgia"]
[Black "Muller42"]
[WhiteElo "2080"]
[BlackElo "1809"]
[Result "1-0"]
[Round "1"]
1.d4 d5
2.c4 e6
3.Nb1c3 Ng8f6
4.Ng1f3 Nb8d7
5.Bc1g5 c6
6.e3 Qd8a5
7.cxd5 exd5
8.Bf1d3 Bf8b4
9.O-O Bb4xc3
10.bxc3 Qa5xc3
11.Ra1c1 Qc3a5
12.Rf1e1 O-O
13.Nf3e5 Nd7xe5
14.dxe5 Nf6d7
15.Qd1h5 g6
16.Qh5h6 f5
17.e6 Nd7c5
18.e7 Rf8e8
19.Bg5f6 Nc5e6
20.h4 Qa5b4
21.h5 { resign }
1-0

[Event "Match"]
[Site "www.echecsemail.com"]
[Date "2015.01.13"]
[Round "1"]
[White "Joseph1983"]
[Black "Apdash"]
[WhiteElo "2170"]
[BlackElo "2160"]
[Result "0-1"]
[Round "1"]
1.e4 e5
2.Ng1f3 Nb8c6
3.Bf1b5 Ng8e7
4.c3 a6
5.Bb5a4 b5
6.Ba4c2 g6
7.d4 exd4
8.cxd4 d5
9.e5 Bf8g7
10.Bc1g5 Bc8e6
11.O-O O-O
12.Qd1d2 Qd8d7
13.Nb1c3 Ra8c8
14.Ra1c1 Ne7f5
15.Bc2xf5 Be6xf5
16.Nf3h4 Bf5g4
17.f3 Bg4e6
18.Nc3e2 Nc6e7
19.Ne2g3 Ne7f5
20.Nh4xf5 Be6xf5
21.Bg5f6 Qd7e6
22.Ng3h5 Bg7xf6
23.exf6 Kh8
24.Qd2h6 Rf8g8
25.Rf1e1 Qe6d6
26.Re1e7 gxh5
27.Re7xf7 Bf5g6
{ resign }
0-1

[Event "Match"]
[Site "www.echecsemail.com"]
[Date "2015.01.13"]
[Round "1"]
[White "Generalfree"]
[Black "Dominiquer"]
[WhiteElo "1830"]
[BlackElo "1830"]
[Result "1-0"]
[Round "1"]
1.e4 e5
2.Ng1f3 Nb8c6
3.Bf1c4 Ng8f6
4.Nf3g5 Bf8c5
5.Bc4xf7 Kf8
6.Bf7c4 Qd8e8
7.d3 d6
8.h3 h6
9.Ng5f3 g5
10.g4 h5
11.Nf3xg5 hxg4
12.h4 Rh8h5
13.Bc4f7 Qe8e7
14.Bf7xh5 Nf6xh5
15.Nb1c3 Qe7f6
16.Rh1f1 Nh5f4
17.Ng5h7 { resign }
1-0

[Event "Match"]
[Site "www.echecsemail.com"]
[Date "2015.01.13"]
[Round "1"]
[White "Rindrandria"]
[Black "Ranjachess"]
[WhiteElo "1510"]
[BlackElo "1530"]
[Result "1-0"]
[Round "1"]
1.c3 e5
2.d3 Bf8e7
3.g4 Ng8f6
4.g5 Nf6h5
5.e4 Nh5f4
6.Qd1f3 Be7xg5
7.h4 Bg5xh4
8.Bc1xf4 exf4
9.Qf3xf4 Bh4g5
10.Qf4e5 Kf8
11.Ng1h3 d6
12.Qe5g3 h6
13.Rh1g1 f6
14.f4 Bg5xf4
15.Qg3xg7 Ke8
16.Qg7xh8 Ke7
17.Rg1g7 Ke6
18.Qh8xd8 Nb8a6
19.Qd8e8 
1-0

[Event "Match"]
[Site "www.echecsemail.com"]
[Date "2015.01.13"]
[Round "1"]
[White "Genius9"]
[Black "Hundegana"]
[WhiteElo "1220"]
[BlackElo "1940"]
[Result "1-0"]
[Round "1"]
1.e4 d6
2.d4 Bc8d7
3.Nb1c3 a6
4.Ng1f3 h6
5.Bc1e3 Ng8f6
6.h3 c6
7.Bf1e2 Qd8c7
8.O-O b5
9.a3 a5
10.e5 Nf6d5
11.Nc3xd5 cxd5
12.c3 dxe5
13.Nf3xe5 Bd7f5
14.Be2f3 e6
15.Rf1e1 Bf8d6
16.Be3f4 f6
17.g4 Bf5h7
18.Bf3xd5 Bd6xe5
19.Bf4xe5 fxe5
20.Bd5xa8 Nb8d7
21.dxe5 Ke7
22.Ba8g2 Nd7xe5
23.Qd1e2 Kf6
24.Ra1d1 Rh8d8
25.Rd1xd8 Qc7xd8
26.Qe2xe5 Kf7
27.Qe5xe6 Kf8
28.Bg2d5 { resign }
1-0

[Event "Match"]
[Site "www.echecsemail.com"]
[Date "2015.01.13"]
[Round "1"]
[White "Alanocturna"]
[Black "Gmi42"]
[WhiteElo "1710"]
[BlackElo "1809"]
[Result "1-0"]
[Round "1"]
1.g3 d5
2.Bf1g2 e5
3.Ng1f3 Bf8d6
4.Nb1c3 c6
5.O-O f5
6.d4 e4
7.Nf3e5 Ng8f6
8.Bc1g5 O-O
9.f3 Bc8e6
10.fxe4 fxe4
11.e3 Nb8d7
12.Ne5xd7  { time }
1-0

[Event "Match"]
[Site "www.echecsemail.com"]
[Date "2015.01.13"]
[Round "1"]
[White "Spartacus42"]
[Black "Alanocturna"]
[WhiteElo "1809"]
[BlackElo "1710"]
[Result "1-0"]
[Round "1"]
1.e4 g6
2.d4 Bf8g7
3.f4 Ng8f6
4.Nb1c3 d5
5.e5 Nf6e4
6.Nc3xe4 dxe4
7.Bf1c4 Nb8c6
8.c3 O-O
9.Qd1e2 Nc6a5
10.Bc1e3 Ra8b8
11.Bc4b3 Na5xb3
12.axb3 a6
13.Ng1h3 Bc8xh3
14.gxh3 Qd8d5
{ time. }
1-0

[Event "Match"]
[Site "www.echecsemail.com"]
[Date "2015.01.13"]
[Round "1"]
[White "Difficult"]
[Black "Ivano"]
[WhiteElo "1880"]
[BlackElo "1880"]
[Result "1-0"]
[Round "1"]
1.e4 Ng8f6
2.e5 Nf6d5
3.d4 d6
4.Ng1f3 Bc8g4
5.Bf1e2 g6
6.c4 Bg4xf3
7.Be2xf3 dxe5
8.cxd5 Nb8d7
9.dxe5  { time }
1-0

[Event "Match"]
[Site "www.echecsemail.com"]
[Date "2015.01.13"]
[Round "1"]
[White "Jaguar91"]
[Black "Calponas"]
[WhiteElo "2030"]
[BlackElo "2060"]
[Result "1-0"]
[Round "1"]
1.e4 c5
2.Ng1f3 Nb8c6
3.d4 cxd4
4.Nf3xd4 Ng8f6
5.Nb1c3 d6
6.Bf1c4 e6
7.Bc1g5 Bf8e7
8.a3 h6
9.Bg5e3 Bc8d7
10.f4 O-O
11.Qd1f3 Nc6xd4
12.Be3xd4 Ra8c8
13.Bc4d3 a6
14.h3 Qd8c7
15.g4 b5
16.g5 hxg5
17.fxg5 Nf6e8
18.Nc3d5 exd5
19.Qf3h5 g6
20.Qh5h8 { resign }
1-0

[Event "Match"]
[Site "www.echecsemail.com"]
[Date "2015.01.13"]
[Round "1"]
[White "Krystek23"]
[Black "Schwiizer"]
[WhiteElo "2350"]
[BlackElo "2620"]
[Result "0-1"]
[Round "1"]
1.Ng1f3 c5
2.c4 Nb8c6
3.Nb1c3 Ng8f6
4.d4 cxd4
5.Nf3xd4 e6
6.Bc1g5 Bf8e7
7.e3 O-O
8.Bf1e2 h6
9.Bg5h4 Qd8b6
10.a3 d5
11.O-O Nc6xd4
12.exd4 dxc4
13.Be2xc4 Rf8d8
14.Nc3e2 Bc8d7
15.b3 Bd7c6
16.a4 Ra8c8
17.a5 Qb6b4
18.f3 Nf6d5
19.Bh4xe7 Nd5xe7
20.Qd1e1 Qb4d6
21.Bc4d3 Bc6d5
22.Ra1b1 Ne7c6
23.Qe1d2 e5
24.dxe5 Qd6c5
25.Kh1 Bd5e6
26.Rf1c1 Qc5xe5
27.a6 bxa6
28.Rc1c3 Nc6b4
29.Rc3xc8 Be6xc8
30.Qd2xb4 Rd8xd3
31.Ne2f4 Rd3e3
32.h3 a5
33.Qb4c4 Bc8f5
34.Rb1d1 Re3e1
35.Rd1xe1 Qe5xe1
36.Kh2 Qe1e5
37.g3 Qe5b2
38.Nf4g2 Bf5e6
39.Qc4c7 Qb2a2
40.Qc7xa7 Be6xb3
41.g4 a4
42.Qa7a8 Kh7
43.Qa8e4 g6
44.h4 a3
45.h5 Qa2b2
46.hxg6 fxg6
47.Qe4b7 Kg8
48.Qb7c8 Kg7
49.Kg3 a2
50.Qc8b7 Kh8
51.Qb7b8 Kh7
52.Qb8b7 Qb2g7
53.Qb7xb3 a1Q
{ resign }
0-1

[Event "Fast Game"]
[Site "www.echecsemail.com"]
[Date "2015.01.13"]
[Round "1"]
[White "Korto"]
[Black "Tenzinnima"]
[WhiteElo "2049"]
[BlackElo "1850"]
[Result "1-0"]
[Round "1"]
1.d4 Ng8f6
2.Ng1f3 g6
3.c4 Bf8g7
4.Nb1c3 O-O
5.Bc1g5 d6
6.e4 Nb8d7
7.Bf1d3 e5
8.d5 h6
9.Bg5e3 Nf6g4
10.Qd1d2 Ng4xe3
11.Qd2xe3 Nd7c5
12.Bd3c2 Bc8d7
13.O-O a5
14.b3 Qd8e8
15.a3 f5
16.b4 Nc5xe4
17.Nc3xe4 fxe4
18.Bc2xe4 Bd7f5
19.Nf3d2 axb4
20.axb4 Ra8a4
21.Qe3c3 Qe8d7
22.Ra1xa4 Qd7xa4
23.Rf1a1 Qa4d7
24.Ra1a7 h5
25.Ra7xb7 Bg7h6
26.Be4c2 Bf5xc2
27.Qc3xc2 Bh6xd2
28.Qc2xd2 Rf8a8
29.h3 Kg7
30.Qd2e3 Ra8a1
31.Kh2 Qd7f7
32.b5 Ra1b1
33.c5 Qf7f4
34.Qe3xf4 exf4
35.cxd6 { resign }
1-0

[Event "Fast Game"]
[Site "www.echecsemail.com"]
[Date "2015.01.13"]
[Round "1"]
[White "Cathar"]
[Black "Wildtiger"]
[WhiteElo "1599"]
[BlackElo "1599"]
[Result "1-0"]
[Round "1"]
1.e4 e5
2.Ng1f3 Nb8c6
3.Bf1b5 a6
4.Bb5a4 b5
5.Ba4b3 a5
6.a4 b4
7.O-O d6
8.d4 Bc8g4
9.c3 exd4
10.cxd4 Qd8e7
11.Bb3d5 Bg4d7
12.Qd1c2 Ra8a6
13.Nb1d2 Ng8f6
14.Bd5c4 Ra6b6
15.Rf1e1 Bd7g4
16.e5 dxe5
17.dxe5 Kd8
18.exf6 Qe7xf6
19.h3 h5
20.hxg4 hxg4
21.Nd2e4 Qf6g6
22.Bc1g5 Kc8
23.Nf3h4 Qg6h7
24.Bc4xf7 Nc6d4
25.Qc2c4 Rb6c6
26.Qc4xd4 Rc6c2
27.Ra1c1 b3
28.Rc1xc2 { resign }
1-0

[Event "Fast Game"]
[Site "www.echecsemail.com"]
[Date "2015.01.13"]
[Round "1"]
[White "Cardiff"]
[Black "Attatroll"]
[WhiteElo "1720"]
[BlackElo "1810"]
[Result "0-1"]
[Round "1"]
1.b3 Ng8f6
2.Bc1b2 g6
3.Ng1f3 Bf8g7
4.c4 O-O
5.g3 c6
6.Bf1g2 d5
7.cxd5 Nf6xd5
8.Bb2xg7 Kxg7
9.Nb1c3 Nd5xc3
10.dxc3 Bc8g4
11.Qd1xd8 Rf8xd8
12.Ra1d1 Nb8a6
13.O-O Na6c7
14.h3 Bg4xf3
15.Bg2xf3 Nc7e6
16.Rf1e1 Ne6g5
17.Bf3g2 e5
18.h4 Ng5e6
19.Bg2h3 f5
20.e3 Kf6
21.Kf1 Ne6c7
22.Ke2 Nc7d5
23.Rd1c1 h6
24.Bh3g2 e4
25.Re1d1 Ra8c8
26.Rd1d4 c5
27.Rd4d2 c4
28.b4 Ke6
29.Bg2h3 Ke5
30.a3 Rc8c7
31.Kf1 Nd5xe3
32.Ke2 Rd8xd2
33.Kxd2 Ne3d5
34.Kc2 Nd5b6
35.Rc1d1 Rc7d7
36.Rd1e1 Nb6a4
37.Bh3f1 b5
38.Bf1e2 g5
39.hxg5 hxg5
40.Re1h1 Na4b6
41.Rh1h8 Nb6d5
42.Be2h5 e3
43.Rh8e8 Kf6
44.fxe3 Rd7h7
45.Bh5f3 Rh7h2
46.Kc1 Nd5xc3
47.Re8a8 Rh2h3
48.Ra8xa7 Rh3xg3
{ resign }
0-1

[Event "Tourn. n7991"]
[Site "www.chess-mail.com"]
[Date "2015.01.14"]
[Round "1"]
[White "Luban"]
[Black "Cardiff"]
[WhiteElo "2120"]
[BlackElo "2050"]
[Result "1-0"]
[Round "1"]
1.d4 d5
2.Ng1f3 Ng8f6
3.e3 Bc8f5
4.c4 c6
5.Nb1c3 e6
6.a3 Bf8e7
7.h3 O-O
8.Bf1d3 Bf5xd3
9.Qd1xd3 dxc4
10.Qd3xc4 Nb8d7
11.O-O Nd7b6
12.Qc4e2 c5
13.dxc5 Be7xc5
14.b4 Bc5e7
15.Bc1b2 Ra8c8
16.Rf1d1 Qd8c7
17.Ra1c1 Qc7c4
18.Qe2e1 Rf8d8
19.Nc3d5 Nb6xd5
20.Rc1xc4 Rc8xc4
21.Nf3d4 a6
22.Rd1c1 Rd8c8
23.Rc1xc4 Rc8xc4
24.Qe1e2 b5
25.Kh2 h6
26.Nd4f3 Nd5b6
27.Nf3e5 Rc4c7
28.e4 { resign }
1-0

[Event "Tourn. n8006"]
[Site "www.chess-mail.com"]
[Date "2015.01.14"]
[Round "1"]
[White "Luban"]
[Black "Krasin"]
[WhiteElo "2160"]
[BlackElo "2150"]
[Result "1/2-1/2"]
[Round "1"]
1.d4 Ng8f6
2.c4 g6
3.e3 Bf8g7
4.Nb1c3 d6
5.h3 O-O
6.Ng1f3 Nb8c6
7.Bf1e2 e5
8.dxe5 dxe5
9.Qd1xd8 Rf8xd8
10.a3 e4
11.Nf3g5 Rd8e8
12.Nc3b5 Re8e7
13.h4 h6
14.Ng5h3 Bc8xh3
15.Rh1xh3 Nc6e5
16.Bc1d2 c6
17.Nb5d4 Nf6d7
18.b4 c5
19.bxc5 Nd7xc5
20.Bd2b4 Nc5d3
21.Be2xd3 Ne5xd3
22.Ke2 Bg7xd4
23.exd4 Re7c7
24.Rh3xd3 exd3
25.Kxd3 b6
26.d5 Ra8c8
27.Ra1c1 a5
28.Bb4d2 h5
29.Bd2f4 Rc7d7
30.Kd4 f6
31.d6 Kf7
32.Kd5 Rc8c5
33.Kd4 g5
34.hxg5 fxg5
35.Bf4h2 Ke6
36.Rc1b1 Rc5c6
37.Rb1b5 Rc6xd6
38.Bh2xd6 Rd7xd6
39.Ke4 Kf6
40.Rb5f5 { draw }
1/2-1/2

[Event "Tourn. n7942"]
[Site "www.chess-mail.com"]
[Date "2015.01.14"]
[Round "1"]
[White "Apoorva"]
[Black "Cardiff"]
[WhiteElo "2180"]
[BlackElo "2100"]
[Result "1/2-1/2"]
[Round "1"]
1.d4 Ng8f6
2.c3 d5
3.Ng1f3 c6
4.Nb1d2 g6
5.Qd1c2 Bc8f5
6.Qc2b3 Qd8b6
7.Qb3d1 Bf8g7
8.g3 Nf6e4
9.Bf1g2 Ne4xd2
10.Qd1xd2 Bf5e4
11.O-O O-O
12.Qd2g5 Bg7f6
13.Qg5e3 Nb8d7
14.Nf3d2 Be4xg2
15.Kxg2 e5
16.Nd2b3 exd4
17.Nb3xd4 Rf8e8
18.Qe3d3 Nd7c5
19.Qd3f3 Bf6xd4
20.cxd4 Nc5e4
21.Qf3d3 Ra8d8
22.f3 Ne4f6
23.Bc1g5 Re8e6
24.b3 Rd8e8
25.Rf1e1 Kg7
26.Bg5xf6 Re6xf6
27.e4 dxe4
28.Re1xe4 Rf6e6
29.Ra1e1 Re6xe4
30.fxe4 Re8d8
31.d5 Qb6c5
32.Re1d1 cxd5
33.exd5 Rd8d6
34.Rd1d2 b5
35.Qd3e4 a5
36.Qe4e5 Kg8
37.Qe5e8 Kg7
38.Qe8e5 Kg8
39.Qe5e8 { draw }
1/2-1/2